| 000 | 00000nam##2200000za#4500 |
| 001 | 9.700251 |
| 003 | CaOODSP |
| 005 | 20210625000741 |
| 007 | cr ||||||||||| |
| 008 | 150407|2015||||xxc|||||o f|0| 0 eng|d |
| 020 | |a978-1-100-25580-4 |
| 040 | |aCaOODSP|beng |
| 043 | |an-cn--- |
| 086 | 1 |aEm20-23/2015E-PDF |
| 110 | 1 |aCanada. |bEmployment and Social Development Canada. |bInternal Audit Services Branch. |
| 245 | 10|aAudit of compensation and benefits |h[electronic resource] |
| 260 | |aOttawa - Ontario : |bEmployment and Social Development Canada. |cNovember 2014. |
| 300 | |a15p.|bglossary, tables |
| 590 | |a15-10|b2015-03-06 |
| 690 | 07|aAllowances|2gcpds |
| 690 | 07|aBenefits|2gcpds |
| 775 | 08|tAudit de la rémunération et des avantages sociaux |w(CaOODSP)9.644147 |
| 856 | 40|ahttp://publications.gc.ca|qPDF|s337 KB|uhttps://publications.gc.ca/collections/collection_2015/edsc-esdc/Em20-23-2015-eng.pdf |
| 986 | |aSP-1085-01-15E |